Handbook of evaporation technology /
Guardado en:
| Autor Principal: | |
|---|---|
| Formato: | Libro |
| Idioma: | English |
| Publicado: |
Park Ridge, N.J., U.S.A. :
Noyes Publications,
c1986.
|
| Materias: | |
| Acceso en línea: | Descripción |
| Etiquetas: |
Agregar Etiqueta
Sin Etiquetas, Sea el primero en etiquetar este registro!
|
| LEADER | 00930pam a22002535a 4500 | ||
|---|---|---|---|
| 001 | EIQ.libpla001854 | ||
| 008 | 860703s1986####njua#####b####001#0#eng#d | ||
| 005 | 20070220155648.0 | ||
| 245 | 1 | 0 | |a Handbook of evaporation technology / |c Paul E. Minton. |
| 260 | |a Park Ridge, N.J., U.S.A. : |b Noyes Publications, |c c1986. | ||
| 300 | |a xix, 390 p. : |b il. ; |c 25 cm. | ||
| 504 | |a Bibliografía: p. 372-383. | ||
| 500 | |a Incluye índice. | ||
| 020 | |a 0815510977 | ||
| 100 | 1 | |a Minton, Paul E. | |
| 082 | 0 | 0 | |a 660.2/8426 |2 19 |
| 650 | 4 | |a Evaporación |x Handbooks, manuales, etc. | |
| 650 | 4 | |a Evaporadores |x Handbooks, manuales, etc. | |
| 650 | 0 | |a Evaporators |x Handbooks, manuals, etc. | |
| 650 | 0 | |a Evaporation |x Handbooks, manuals, etc. | |
| 010 | |a 86017978 | ||
| 040 | |a DLC |c DLC |d AR-BbSID | ||
| 856 | 4 | 2 | |3 Descripción |u http://www.loc.gov/catdir/description/wap041/86017978.html |
| 859 | |a AR-BbSID |b BIB. PLAPIQUI |h 660.284 26 |i M 66 |k R |p 3715 | ||
